=LDR 00000nam 2200000 4500 =001 INLIS000000000037426 =005 20130612143146 =008 ***********************************Ind** =035 ##$$0010-061300000037426 =041 ##$$a Ind =082 ##$$a 613.085 =090 ##$$a 613.085, Yus s =100 ##$$a Yusuf, Nova Riyanti =245 ##$$a Stranger than fiction, Cerita dai kamar jaga malam, Nova Riyanti Yusuf =260 ##$$a 2008 $b Jakarta =300 ##$$a 100 hlm, Ilus, 20 cm =650 ##$$a Fiksi Roman =850 ##$$a NBPNMAT =990 ##$$a 0001/BPAP-NTB/2016